| 000 | 00476nam a2200169 a 4500 | ||
|---|---|---|---|
| 001 | 1775 | ||
| 003 | CDMR | ||
| 005 | 20131011104145.0 | ||
| 008 | 130130s1990||||||||||||||||||||||||||||d | ||
| 020 | _a8478240675 | ||
| 040 |
_aCDMR _bcat _cCDMR |
||
| 100 | 1 |
_aSotelo Blanco, Olegario _91156 |
|
| 245 | 1 | 0 |
_aJusto Molinero _b: el gran comunicador : de AndalucĂa a Catalunya _cOlegario Sotelo Blanco |
| 260 |
_aBarcelona _c1990 _bSotelo Blanco |
||
| 300 | _a245 p. | ||
| 942 |
_cMON _2udc |
||
| 999 |
_c1775 _d1775 |
||